000 00655 a2200181 4500
003 NUST
038 _aAtta
040 _a0
082 _2a
_aa
100 _aGhyoor Arshad Lodi
_992200
245 _aDesign and development of UWB antenna for medical imaging
_cGhyoor Arshad Lodi & Syed Rafay Imran Zafar
260 _aIslamabad :
_bNUST School of Electrical Engineering & Computer Science,
_c2010.
300 _a95 p. :
_bill. ;
_c27 cm. +
_e1CD ROM
500 _aSupervisors : Mr. Muhammad Bilal, Mr. Yasir Iqbal.
700 _aSyed Rafay Imran Zafar
_992201
856 _uhttp://10.250.8.41:8080/xmlui/handle/123456789/10108
942 _cPR
_kBEE-3 GHY
_2ddc
999 _c10213
_d10213